Kvalita v službách

Salvato in:
Dettagli Bibliografici
Autore principale: Klementová, Jarmila
Natura: Libro
Lingua:slovacco
Pubblicazione: Zvolen Technická univerzita vo Zvolene 2017
Edizione:1. vydanie
Soggetti:
Tags: Aggiungi Tag
Nessun Tag, puoi essere il primo ad aggiungerne!!

MARC

LEADER 00000nam a2200000 4500
001 0315169
005 20260312142753.4
020 |a 978-80-228-2989-2 
041 0 |a slo 
044 |a SK 
245 1 0 |a Kvalita v službách  |c Jarmila Klementová 
250 |a 1. vydanie 
264 1 |a Zvolen  |b Technická univerzita vo Zvolene  |c 2017 
300 |a 105 s. 
610 2 0 |a služby 
610 2 0 |a kvalita služieb 
610 2 0 |a zdroje ľudské 
610 2 0 |a riadenie kvality 
610 2 0 |a spokojnosť zákazníkov 
610 2 0 |a služby finančné 
100 1 |a Klementová, Jarmila